<?xml version="1.0" encoding="UTF-8"?>
<record
    xmlns:xsi="http://www.w3.org/2001/XMLSchema-instance"
    xsi:schemaLocation="http://www.loc.gov/MARC21/slim http://www.loc.gov/standards/marcxml/schema/MARC21slim.xsd"
    xmlns="http://www.loc.gov/MARC21/slim">

  <leader>00735nam a2200217 u 4500</leader>
  <datafield tag="999" ind1=" " ind2=" ">
    <subfield code="c">7941</subfield>
    <subfield code="d">7941</subfield>
  </datafield>
  <controlfield tag="001">991061179176706706</controlfield>
  <controlfield tag="003">OSt</controlfield>
  <controlfield tag="005">20240925112253.0</controlfield>
  <controlfield tag="008">      s2021    xx      r     000 0 cat d</controlfield>
  <datafield tag="020" ind1=" " ind2=" ">
    <subfield code="a">9788410255098</subfield>
  </datafield>
  <datafield tag="040" ind1=" " ind2=" ">
    <subfield code="a">CDMR</subfield>
    <subfield code="b">cat</subfield>
    <subfield code="c">CDMR</subfield>
  </datafield>
  <datafield tag="100" ind1="1" ind2=" ">
    <subfield code="a">Gir&#xF3;, Xavier</subfield>
    <subfield code="9">415</subfield>
  </datafield>
  <datafield tag="245" ind1=" " ind2=" ">
    <subfield code="a">Contra la neutralitat </subfield>
    <subfield code="b">: un periodisme de pau i de lluita </subfield>
    <subfield code="c">/ Xavier Gir&#xF3; Mart&#xED;</subfield>
  </datafield>
  <datafield tag="260" ind1=" " ind2=" ">
    <subfield code="a">Sant Cugat del Vall&#xE8;s : </subfield>
    <subfield code="b">Pol&#xB7;len Edicions : </subfield>
    <subfield code="b">Cr&#xED;tic, </subfield>
    <subfield code="c">2024</subfield>
  </datafield>
  <datafield tag="300" ind1=" " ind2=" ">
    <subfield code="a">327 p&#xE0;gines</subfield>
  </datafield>
  <datafield tag="490" ind1=" " ind2=" ">
    <subfield code="a">L'Observatori </subfield>
    <subfield code="v">; 42</subfield>
  </datafield>
  <datafield tag="650" ind1=" " ind2="0">
    <subfield code="9">3820</subfield>
    <subfield code="a">Conflictes socials en els mitjans de comunicaci&#xF3; de massa</subfield>
  </datafield>
  <datafield tag="650" ind1=" " ind2="0">
    <subfield code="9">3195</subfield>
    <subfield code="a">Drets humans</subfield>
  </datafield>
  <datafield tag="650" ind1=" " ind2="0">
    <subfield code="9">4748</subfield>
    <subfield code="a">Guerra en els mitjans de comunicaci&#xF3; de massa</subfield>
  </datafield>
  <datafield tag="942" ind1=" " ind2=" ">
    <subfield code="2">udc</subfield>
    <subfield code="c">MON</subfield>
  </datafield>
  <datafield tag="952" ind1=" " ind2=" ">
    <subfield code="0">0</subfield>
    <subfield code="1">0</subfield>
    <subfield code="4">0</subfield>
    <subfield code="7">0</subfield>
    <subfield code="a">CDMR</subfield>
    <subfield code="b">CDMR</subfield>
    <subfield code="d">2024-09-25</subfield>
    <subfield code="e">Donaci&#xF3;</subfield>
    <subfield code="g">20.00</subfield>
    <subfield code="l">2</subfield>
    <subfield code="o">Ck 2/19</subfield>
    <subfield code="p">CDMR24090010</subfield>
    <subfield code="r">2025-01-07</subfield>
    <subfield code="s">2024-12-02</subfield>
    <subfield code="w">2024-09-25</subfield>
    <subfield code="y">MON</subfield>
  </datafield>
</record>
